000 00459nam a2200145Ia 4500
005 20260303130309.0
022 _a0974- 9349
050 _aRT1. I58
245 _aInternational Journal of Nursing Education
250 _aVol. 17, No. 3
260 _aNew Delhi, India
_bInstitute of Medico‑Legal Publications (India)
_c2025
300 _aiii, 76 p. :ill. ; 27 cm.
650 _aNursing--Periodicals Nursing--Study and teaching--Periodicals
942 _cSR
_2lcc
999 _c37376
_d37376